Up against caste: comparative study of Ambedkar and Periyar (Record no. 3787)

MARC details
000 -LEADER
fixed length control field 00533nam a2200193Ia 4500
020 ## - INTERNATIONAL STANDARD BOOK NUMBER
ISBN 81-7033-860-3
082 ## - DEWEY DECIMAL CLASSIFICATION NUMBER
Classification number 305.5122 CHA-;
100 ## - MAIN ENTRY--AUTHOR NAME
Personal name Chatterjee, Debi
245 #0 - TITLE STATEMENT
Title Up against caste: comparative study of Ambedkar and Periyar
260 ## - PUBLICATION, DISTRIBUTION, ETC. (IMPRINT)
Place of publication Jaipur
Name of publisher Rawat Publications
Year of publication 2004
300 ## - PHYSICAL DESCRIPTION
Number of Pages viii, 235p.
504 ## - BIBLIOGRAPHY, ETC. NOTE
Bibliography, etc Includes index
650 ## - SUBJECT ADDED ENTRY--TOPICAL TERM
Topical Term Caste - India
650 ## - SUBJECT ADDED ENTRY--TOPICAL TERM
Topical Term Ramasami, E.V. - Philosophy
650 ## - SUBJECT ADDED ENTRY--TOPICAL TERM
Topical Term Social reformers - India
650 ## - SUBJECT ADDED ENTRY--TOPICAL TERM
Topical Term Ambedkar, B.R. - Philosophy
650 ## - SUBJECT ADDED ENTRY--TOPICAL TERM
Topical Term Periyar
942 ## - ADDED ENTRY ELEMENTS (KOHA)
Koha item type Books
Holdings
Withdrawn status Lost status Damaged status Not for loan Home library Current library Date acquired Source of acquisition Bill Date Full call number Accession Number Price effective from Koha item type
        NASSDOC Library NASSDOC Library 05/11/2004 PATHAK 2004-10-22 305.5122 CHA-; 40105 18/04/2019 Books